000 00844nam a2200241 a 4500
001 BRCA_5327
005 20190320205032.0
008 031210s1929----u--a######---#000-0#eng-#
041 _aeng
044 _au
050 4 _aND1135
_b.K66 1929
100 1 _aKonody, Paul G.
_913665
245 1 0 _aPainting
_ban aid to the fuller appreciation of fine paintings and a description of the various techniques for the layman, student and artist
_cby the following authorities Paul G. Konody ... [et al.].
260 _aEstados Unidos
_bGarden City
_c1929
300 _axiii, 284 p.
_bil. (algunas a color), 64 láminas
_c29 cm.
500 _aIncluye índice de ilustraciones
500 _aE96
504 _aBibliografía: p. 279-284
650 1 4 _aPintura
_xTécnica
_91564
700 1 _aKonody, Paul George
_913666
902 _aGFM
942 _2lcc
_cB
999 _c5021
_d5021